|
|
|
|
| LEADER |
00000naa2a2200000 4500 |
| 001 |
532646 |
| 005 |
20240111084036.0 |
| 035 |
|
|
|a (RuTPU)RU\TPU\prd\219841
|
| 035 |
|
|
|a RU\TPU\prd\219840
|
| 090 |
|
|
|a 532646
|
| 100 |
|
|
|a 20140615a2007 k y0rusy50 ca
|
| 101 |
0 |
|
|a rus
|
| 102 |
|
|
|a RU
|
| 200 |
1 |
|
|a Строительство резервуаров для хранения товарной нефти
|f Н. В. Чухарева
|
| 320 |
|
|
|a Библиогр.: с. 13 (3 назв.)
|
| 461 |
|
0 |
|0 (RuTPU)RU\TPU\prd\1175
|t Нефтегазовые технологии
|o научно-технический журнал
|d 1994-
|
| 463 |
|
0 |
|0 (RuTPU)RU\TPU\prd\54149
|t № 9
|v С. 11-13
|d 2007
|
| 610 |
1 |
|
|a труды учёных ТПУ
|
| 700 |
|
1 |
|a Чухарева
|b Н. В.
|c специалист в области нефтегазового дела
|c доцент Томского политехнического университета, кандидат химических наук
|f 1967-
|g Наталья Вячеславовна
|3 (RuTPU)RU\TPU\pers\26133
|9 11962
|
| 801 |
|
1 |
|a RU
|b 63413507
|c 20140428
|
| 801 |
|
2 |
|a RU
|b 63413507
|c 20140615
|g RCR
|
| 942 |
|
|
|c BK
|